000
00251nam a2200109Ia 4500
008
190216s9999||||xx |||||||||||||| ||und||
100
_a
Wheldon H J
245
0
_a
Costing Simplified
260
_b
Sulthan Chand&Sons
_c
1947
300
_a
155p
942
_c
BK
999
_c
4668
_d
4668